000 00564nam a22001937a 4500
005 20251108172924.0
008 250721s1992 xx 000 0 ara d
082 1 4 _aط/559/لمن
100 1 _aلمن، روبرت
_eمؤلف
245 1 0 _aالفراشات و ابو دقيق /
264 1 _aالقاهرة :
_bدار المعارف،
_c1992.
300 _a113ص.
490 0 _aكل شىء عن
_v18
650 1 7 _aاللافقاريات
650 1 7 _aالحشرات
653 _aناشئون صغار (10-14) سنة
942 _2ddc
_cBK
999 _c91887
_d91887